000 00303nam a22001337a 4500
008 170713b xxu||||| |||| 00| 0 eng d
020 _a9780877799306
041 _aeng
080 _a038
100 _a23
101 _aFJA
245 _aTHE MERIAM WEBSTERS DICTIONARY
_cMERIAM.B
942 _2udc
_cBK
999 _c20451
_d20451